[Event "Niedersachsen-ch U16"]
[Site "Norderney"]
[Date "2014.04.12"]
[Round "2"]
[White "Boehm, Jana"]
[Black "Peters, Tom"]
[Result "1-0"]
[WhiteElo "1749"]
[BlackElo "1919"]
[PlyCount "105"]
[EventDate "2014.04.??"]
[EventType "swiss"]
[EventRounds "9"]
[EventCountry "GER"]
[SourceTitle "EXT 2017"]
[Source "ChessBase"]
[SourceDate "2016.10.25"]
[SourceVersion "1"]
[SourceVersionDate "2016.10.25"]
[SourceQuality "1"]

1. e4 c5 2. Nf3 Nc6 3. d3 g6 4. g3 Bg7 5. Bg2 Nf6 6. 0-0 0-0 7. Nbd2 d5 8. c3 Qc7 9. Re1 Rd8 10. Qc2 b6 11. e5 Ng4 12. d4 Bf5 13. Qa4 cxd4 14. cxd4 b5 15. Qb3 a5 16. h3 Nh6 17. g4 Bd7 18. Nf1 Rac8 19. Bf4 Qb6 20. Qd1 Nxg4 21. hxg4 Bxg4 22. Be3 Nb4 23. Re2 Bf5 24. Ng3 Bc2 25. Qd2 Bd3 26. a3 Nc2 27. Qxd3 Nxa1 28. Bd2 b4 29. Ng5 e6 30. Nh5 gxh5 31. Qxh7+ Kf8 32. Qxh5 Rd7 33. Nh7+ Ke8 34. Nf6+ Bxf6 35. exf6 Rd6 36. Bf4 bxa3 37. bxa3 Nc2 38. Qh7 Nxd4 39. Re1 Rdd8 40. Qg8+ Kd7 41. Qxf7+ Kc6 42. Rc1+ Kb5 43. Rb1+ Ka6 44. Bf1+ Nb5 45. Bxb5+ Qxb5 46. Rxb5 Kxb5 47. Qxe6 d4 48. f7 d3 49. Bd6 d2 50. Qd5+ Kb6 51. Qxd2 Rc6 52. Bc5+ Kc7 53. Qxd8+ 1-0

[Event "GER-ch U25 op-A"]
[Site "Oberhof"]
[Date "2013.05.21"]
[Round "5"]
[White "Peters, Tom"]
[Black "Schirra, Felix"]
[Result "0-1"]
[WhiteElo "1852"]
[BlackElo "1711"]
[PlyCount "80"]
[EventDate "2013.05.19"]
[EventType "swiss"]
[EventRounds "9"]
[EventCountry "GER"]
[SourceTitle "CBM 154 Extra"]
[Source "ChessBase"]
[SourceDate "2013.06.25"]
[SourceVersion "2"]
[SourceVersionDate "2013.06.25"]
[SourceQuality "1"]

1. e4 c5 2. Nf3 d6 3. Bb5+ Bd7 4. Bxd7+ Nxd7 5. 0-0 Ngf6 6. Re1 e6 7. c3 Be7 8. d3 0-0 9. Nbd2 b5 10. Nf1 Qb6 11. h3 b4 12. g4 Rfe8 13. Ng3 Ne5 14. Nh2 bxc3 15. bxc3 c4 16. d4 Nd3 17. Re2 Qa5 18. Rc2 Rab8 19. Nf3 Rb5 20. Ne1 Nxc1 21. Qxc1 Reb8 22. f4 Qb6 23. Qd2 d5 24. e5 Nd7 25. Nf3 Rb2 26. Rac1 Ba3 27. f5 Rxc2 28. Rxc2 Qb1+ 29. Kf2 Rb2 30. Rxb2 Bxb2 31. f6 Bc1 32. Qe1 Qxa2+ 33. Ne2 Ba3 34. Kf1 gxf6 35. exf6 Nxf6 36. Qh4 Qb1+ 37. Kg2 Ne4 38. Nf4 Qc2+ 39. Kf1 Qc1+ 40. Kg2 Qxf4 0-1

[Event "GER-ch U25 op-A"]
[Site "Oberhof"]
[Date "2013.05.19"]
[Round "2"]
[White "Reif, Gerold"]
[Black "Peters, Tom"]
[Result "1/2-1/2"]
[WhiteElo "1623"]
[BlackElo "1852"]
[PlyCount "41"]
[EventDate "2013.05.19"]
[EventType "swiss"]
[EventRounds "9"]
[EventCountry "GER"]
[SourceTitle "CBM 154 Extra"]
[Source "ChessBase"]
[SourceDate "2013.06.25"]
[SourceVersion "2"]
[SourceVersionDate "2013.06.25"]
[SourceQuality "1"]

1. e4 c5 2. c4 Nc6 3. Nc3 e6 4. g3 Nge7 5. Bg2 d6 6. Nge2 b6 7. d3 Bb7 8. 0-0 g6 9. f4 Bg7 10. g4 Nd4 11. Ng3 Qd7 12. f5 gxf5 13. gxf5 Be5 14. Qh5 0-0-0 15. Bh3 Rhg8 16. Qxf7 Rdf8 17. fxe6 Qd8 18. Qh5 Bxg3 19. Rxf8 Bxh2+ 20. Kxh2 Qxf8 21. Be3 1/2-1/2

[Event "Niedersachsen-ch U16"]
[Site "Rotenburg"]
[Date "2013.03.23"]
[Round "2"]
[White "Oehne, Timo"]
[Black "Peters, Tom"]
[Result "1/2-1/2"]
[WhiteElo "2035"]
[BlackElo "1842"]
[PlyCount "54"]
[EventDate "2013.03.23"]
[EventType "swiss"]
[EventRounds "9"]
[EventCountry "GER"]
[SourceTitle "EXT 2015"]
[Source "ChessBase"]
[SourceDate "2014.11.20"]
[SourceVersion "1"]
[SourceVersionDate "2014.11.20"]
[SourceQuality "1"]

1. e4 e6 2. d3 d5 3. Qe2 Bc5 4. Nf3 Ne7 5. g3 Bb6 6. Bg2 c5 7. 0-0 0-0 8. h4 Nbc6 9. e5 f6 10. exf6 Rxf6 11. Bg5 Rf7 12. c3 h6 13. Bxe7 Rxe7 14. c4 Nd4 15. Nxd4 cxd4 16. cxd5 exd5 17. Qh5 Be6 18. Nd2 Bf7 19. Qg4 Qc8 20. Qxc8+ Rxc8 21. Rac1 Rec7 22. Nb3 Rxc1 23. Rxc1 Rxc1+ 24. Nxc1 Kf8 25. Kf1 Ke7 26. b4 Kd6 27. Nb3 a6 1/2-1/2